Biopotraviny na európskom trhu
Analýza súčasnej situácie na trhu s biopotravinami a na základe prieskumu nákupného správania sa slovenských spotrebiteľov. Vymedzenie problémov v tejto oblasti. Politika rozvoja ekologického poľnohospodárstva v Európe. Právne predpisy v oblasti ekologického poľnohospodárstva na úrovni EÚ. Trh s bio...
Gespeichert in:
| 1. Verfasser: | |
|---|---|
| Format: | Buchkapitel |
| Sprache: | Slowakisch |
| Schlagworte: | |
| Tags: |
Keine Tags, Fügen Sie das erste Tag hinzu!
|
MARC
| LEADER | 00000naa a2200000 4500 | ||
|---|---|---|---|
| 001 | 0119621 | ||
| 005 | 20240523124729.5 | ||
| 041 | 0 | |a slo | |
| 044 | |a SK | ||
| 245 | 1 | 0 | |a Biopotraviny na európskom trhu |c Alica Lacková |
| 520 | |a Analýza súčasnej situácie na trhu s biopotravinami a na základe prieskumu nákupného správania sa slovenských spotrebiteľov. Vymedzenie problémov v tejto oblasti. Politika rozvoja ekologického poľnohospodárstva v Európe. Právne predpisy v oblasti ekologického poľnohospodárstva na úrovni EÚ. Trh s biopotravinami v Európe. Vývoj ekologického poľnohospodárstva v Slovenskej republike. Prieskum nákupného správania slovenských spotrebiteľov v oblasti biopotravín. | ||
| 610 | 2 | 0 | |a trh poľnohospodársky |
| 610 | 2 | 0 | |a trh potravinový |
| 610 | 2 | 0 | |a ochrana spotrebiteľa |
| 610 | 2 | 0 | |a poľnohospodárstvo |
| 610 | 2 | 0 | |a ochrana právna |
| 610 | 2 | 0 | |a bioprodukty |
| 610 | 2 | 0 | |a správanie spotrebiteľa |
| 610 | 2 | 0 | |a Slovensko |
| 610 | 2 | 0 | |a Európa |
| 100 | 1 | |a Lacková, Alica | |